书目信息 |
| 题名: |
海竿垂钓
|
|
| 作者: | 谭佛航 著 | |
| 分册: | ||
| 出版信息: | 北京 人民体育出版社 1999.01 |
|
| 页数: | 171页 | |
| 开本: | 32开 | |
| 丛书名: | ||
| 单 册: | ||
| 中图分类: | G897 | |
| 科图分类: | ||
| 主题词: | 文娱性体育活动 | |
| 电子资源: | ||
| ISBN: | 7-5009-1448-2 | |
| 000 | 00528nam0 2200193 45 | |
| 001 | 0010280956 | |
| 005 | 20001028094230.3 | |
| 010 | @a7-5009-1448-2@d8.00元 | |
| 100 | @a20001028d1999 km y0chiy0120 ea | |
| 101 | 0 | @achi |
| 105 | @a z 000yy | |
| 200 | 1 | @a海竿垂钓@AHai Gan Chui Diao@f谭佛航著@FTan Fo Hang Zhu |
| 210 | @a北京@c人民体育出版社@d1999.01 | |
| 215 | @a171页@d32开 | |
| 606 | 0 | @a文娱性体育活动 |
| 690 | @aG897@v3 | |
| 701 | 0 | @a谭佛航@4著 |
| 801 | @aCN@bPftUser@c20001028 | |
| 905 | @b193758-759@dG897@eT292/1@f2 | |
| 海竿垂钓/谭佛航著.-北京:人民体育出版社,1999.01 |
| 171页;32开 |
| ISBN 7-5009-1448-2:8.00元 |
| ● |
| 相关链接 |
|
|
|
正题名:海竿垂钓
索取号:G897/T292/1
 
预约/预借
| 序号 | 登录号 | 条形码 | 馆藏地/架位号 | 状态 | 备注 |
| 1 | 193758 | 201937583 | 社科库409/ [索取号:G897/T292/1] | 在馆 | |
| 2 | 193759 | 201937592 | 社科库409/409社科库 29排4列2层/ [索取号:G897/T292/1] | 在馆 |